The Fifth biggest city in each state - Statistics

General Stats
  • This quiz has been taken 12 times
    7 since last reset
  • The average score is 11 of 50
Answer Stats
State Answer % Correct
New York Syracuse
71%
Ohio Akron
57%
Texas Fort Worth
57%
Illinois Rockford
57%
California Fresno
43%
Iowa Iowa City
43%
Colorado Lakewood
43%
Wisconsin Racine
43%
Alaska Sitka
43%
Kansas Topeka
43%
North Dakota West Fargo
43%
North Carolina Winston Salem
43%
Washington Bellevue
29%
Montana Butte
29%
Indiana Carmel
29%
Tennessee Clarksville
29%
Massachusetts Lowell
29%
New Hampshire Rochester
29%
Georgia Savannah
29%
Nevada Sparks
29%
Florida St. Petersburg
29%
Alabama Tuscaloosa
29%
Michigan Ann Arbor
14%
Maine Auburn
14%
Maryland Bowie
14%
Kentucky Covington
14%
Oklahoma Edmond
14%
Oregon Hillsboro
14%
Arkansas Jonesboro
14%
Louisiana Lake Charles
14%
Virginia Newport News
14%
Pennsylvania Reading
14%
New Mexico Roswell
14%
Arizona Scottsdale
14%
Delaware Smyrna
14%
Connecticut Waterbury
14%
South Dakota Watertown
14%
Hawaii Barrigada
0%
Minnesota Bloomington
0%
Idaho Caldwell
0%
New Jerey Clifton
0%
Rhode Island East Providence
0%
Mississippi Hattiesburg
0%
Missouri Independance
0%
Nebraska Kearney
0%
Vermont Montpelier
0%
Utah Orem
0%
South Carolina Rock Hill
0%
Wyoming Rock Springs
0%
West Virginia Wheeling
0%
No matching quizzes found
Score Distribution
Percent of People with Each Score
Percentile by Number Answered
Your Score History
You have not taken this quiz since the last reset